|
|
|
|
| LEADER |
00000nam0a2200000 4500 |
| 001 |
363779 |
| 005 |
20231102011625.0 |
| 035 |
|
|
|a (RuTPU)RU\TPU\retro\21126
|
| 090 |
|
|
|a 363779
|
| 100 |
|
|
|a 20211011d1980 k y0rusy50 ca
|
| 101 |
0 |
|
|a rus
|
| 102 |
|
|
|a UA
|
| 105 |
|
|
|a a z 001zy
|
| 200 |
1 |
|
|a Теория и расчеты фильтрации
|e сборник научных трудов
|f Академия наук Украинской ССР, Институт гидромеханики ; под ред. А. Я. Олейника
|
| 210 |
|
|
|a Киев
|c Наукова думка
|d 1980
|
| 215 |
|
|
|a 168 с.
|c ил.
|
| 320 |
|
|
|a Библиогр. в конце ст.
|
| 606 |
1 |
|
|a Воды грунтовые
|x Фильтрация
|2 stltpush
|3 (RuTPU)RU\TPU\subj\3138
|9 31594
|
| 610 |
1 |
|
|a расчеты
|
| 610 |
1 |
|
|a теория
|
| 610 |
1 |
|
|a нестационарные задачи
|
| 610 |
1 |
|
|a движение
|
| 610 |
1 |
|
|a слоистые грунты
|
| 610 |
1 |
|
|a гидротехнические сооружения
|
| 610 |
1 |
|
|a горизонтальный дренаж
|
| 610 |
1 |
|
|a солеперенос
|
| 610 |
1 |
|
|a массообмен
|
| 610 |
1 |
|
|a пористые среды
|
| 675 |
|
|
|a 556.342
|v 4
|
| 702 |
|
1 |
|a Олейник
|b А. Я.
|4 340
|
| 712 |
0 |
2 |
|a Академия наук Украинской ССР
|b Институт гидромеханики
|2 stltpush
|3 (RuTPU)RU\TPU\col\7884
|9 24404
|
| 801 |
|
1 |
|a RU
|b 63413507
|c 20211011
|
| 801 |
|
2 |
|a RU
|b 63413507
|c 20211011
|g RCR
|
| 942 |
|
|
|c BK
|